Catálogo

LOS GRANDES MAESTROS DE LA MUSICA CLASICA : (Registro nro. 34818)

Detalles MARC
000 -LEADER
fixed length control field 00466nam a2200157 a 4500
001 - CONTROL NUMBER
control field 34818
005 - DATE AND TIME OF LATEST TRANSACTION
control field 20180714003023.0
008 - FIXED-LENGTH DATA ELEMENTS--GENERAL INFORMATION
fixed length control field 140415s1979 sp 000 0 spa d
041 ## - LANGUAGE CODE
Language code of text/sound track or separate title spa
082 ## - DEWEY DECIMAL CLASSIFICATION NUMBER
Classification number 780.92
Item number GRA
245 04 - TITLE STATEMENT
Title LOS GRANDES MAESTROS DE LA MUSICA CLASICA :
Remainder of title SEGUNDA SERIE 1 RIMSKI-KORSAKOV
250 ## - EDITION STATEMENT
Edition statement 1a ed.
260 ## - PUBLICATION, DISTRIBUTION, ETC.
Place of publication, distribution, etc. ESPAÑA :
Name of publisher, distributor, etc. PROMOCIONES EDITORIALES MEXICANAS,
Date of publication, distribution, etc. 1979
300 ## - PHYSICAL DESCRIPTION
Extent 286
650 14 - SUBJECT ADDED ENTRY--TOPICAL TERM
Topical term or geographic name entry element COMPOSITORES
General subdivision MUSICOS
Existencias
Withdrawn status Lost status Source of classification or shelving scheme Damaged status Not for loan Collection code Home library Current library Shelving location Date acquired Source of acquisition Inventory number Total Checkouts Full call number Barcode Date last seen Price effective from Koha item type
    Dewey Decimal Classification     General Biblioteca Karol Wojtyla Biblioteca Karol Wojtyla Sala general 03/12/2013 Compra 151000000000000000023024   780.92 GRA 52612 05/01/2026 03/12/2013 Libro